Contribuciones de las organizaciónes del tercer sector a la inserción social y laboral de los jóvenes /
Este trabajo intenta, a partir de las definiciones que dan algunos autores de la especificidad de las organizaciones del tercer sector o de la economía social, caracterizar las contribuciones de algunas ONG's venezolanas en el campo de la formación e inserción laboral de los jóvenes desertore d...
Salvato in:
| Autore principale: | |
|---|---|
| Altri autori: | , |
| Natura: | testo |
| Soggetti: | |
| Tags: |
Aggiungi Tag
Nessun Tag, puoi essere il primo ad aggiungerne!!
|
MARC
| LEADER | 00000 a a2200000 04500 | ||
|---|---|---|---|
| 001 | 15412 | ||
| 003 | |||
| 040 | |||
| 100 | |a Richer, Madeleine | ||
| 245 | |a Contribuciones de las organizaciónes del tercer sector a la inserción social y laboral de los jóvenes / |c Madeleine Richer ; Rosa Ortiz de Aponte ; Emilio Chirinos | ||
| 520 | |a Este trabajo intenta, a partir de las definiciones que dan algunos autores de la especificidad de las organizaciones del tercer sector o de la economía social, caracterizar las contribuciones de algunas ONG's venezolanas en el campo de la formación e inserción laboral de los jóvenes desertore de la educación formal. Se presentan los resultados de una investigación relizadaen el período 1999-2000, y que consistió en el estudio de cinco casos de ONG's de capacitación, ubicadas en las ciudades de Marcaibo y Mérida. Se desarrolla a partir de las respuestas desde la sociedad civil y el Estado sobre la desersión escolar y la exclusión de los jóvenes |a del papel de las organizaciones del tercer sector.Se presentan ejemplos a partir del estudio de casos. Además se concluye con contribuciones a la formaciónde capital social y el tema de la colectividad | ||
| 650 | |a INTEGRACION SOCIAL | ||
| 650 | |a INSERCION LABORAL | ||
| 650 | |a ORGANIZACIONES NO GUBERNAMENTALES | ||
| 650 | |a COOPERACION ECONOMICA | ||
| 650 | |a AYUDA AL DESARROLLO | ||
| 650 | |a CAPITAL SOCIAL | ||
| 650 | |a VENEZUELA | ||
| 700 | |a Ortiz de Aponte, Rosa | ||
| 700 | |a Chirinos, Emilio | ||
| 773 | |g volumen 7, número 3; páginas 462-477 | ||
| 999 | |c 34954 |d 34954 | ||
